[Event "SVK-ch U12"]
[Site "Lubovnianske Kupele"]
[Date "2012.03.20"]
[Round "5"]
[White "Urban, Marton Attila"]
[Black "Pechac, Jergus"]
[Result "0-1"]
[WhiteElo "1395"]
[BlackElo "1921"]
[PlyCount "72"]
[EventDate "2012.03.17"]
[EventType "swiss"]
[EventRounds "9"]
[EventCountry "SVK"]
[SourceTitle "CBM 147 Extra"]
[Source "ChessBase"]
[SourceDate "2012.04.24"]
[SourceVersion "1"]
[SourceVersionDate "2012.04.24"]
[SourceQuality "1"]

1. e4 Nc6 2. Nf3 d5 3. exd5 Qxd5 4. Nc3 Qa5 5. d4 Bg4 6. Bb5 0-0-0 7. Bxc6 bxc6 8. Be3 e5 9. 0-0 exd4 10. Qe2 dxe3 11. Qxe3 Bd6 12. Nd2 Qe5 13. Qxe5 Bxe5 14. Nc4 Bxc3 15. bxc3 Be2 16. Ne5 Bxf1 17. Nxf7 Nf6 18. Nxh8 Bc4 19. Ng6 hxg6 20. h3 Be2 21. Re1 Rd1 22. Rxd1 Bxd1 23. Kf1 Bxc2 24. Ke2 Bb1 25. a3 Kb7 26. g4 Kb6 27. f4 Nd5 28. Kf3 Nxc3 29. h4 Nb5 30. g5 Nxa3 31. Kg4 Bf5+ 32. Kf3 Nc4 33. Kg3 a5 34. h5 gxh5 35. Kh4 g6 36. Kg3 a4 0-1

[Event "SVK-ch U12"]
[Site "Lubovnianske Kupele"]
[Date "2012.03.18"]
[Round "2"]
[White "Haring, Viktor"]
[Black "Urban, Marton Attila"]
[Result "1-0"]
[WhiteElo "1977"]
[BlackElo "1395"]
[PlyCount "73"]
[EventDate "2012.03.17"]
[EventType "swiss"]
[EventRounds "9"]
[EventCountry "SVK"]
[SourceTitle "CBM 147 Extra"]
[Source "ChessBase"]
[SourceDate "2012.04.24"]
[SourceVersion "1"]
[SourceVersionDate "2012.04.24"]
[SourceQuality "1"]

1. c4 Nf6 2. Nc3 d5 3. cxd5 Nxd5 4. g3 g6 5. Bg2 Nb6 6. d3 Bg7 7. Nf3 0-0 8. 0-0 Nc6 9. Be3 Bd7 10. Rc1 Qc8 11. Ng5 e5 12. Bc5 Re8 13. Qb3 Be6 14. Nxe6 Qxe6 15. Qxe6 Rxe6 16. Nb5 Rc8 17. b3 a6 18. Bxc6 bxc6 19. Na7 Rb8 20. Be3 Nd5 21. Nxc6 Nxe3 22. Nxb8 Nxf1 23. Kxf1 Rb6 24. Nd7 Rb7 25. Rc6 a5 26. Nc5 Ra7 27. Ra6 Rxa6 28. Nxa6 c6 29. Nb8 c5 30. Nc6 Bf8 31. Nxa5 Bd6 32. Nb7 Be7 33. a4 Kf8 34. a5 Ke8 35. a6 Kd7 36. a7 Kc7 37. a8Q 1-0

[Event "SVK-ch U12"]
[Site "Lubovnianske Kupele"]
[Date "2012.03.17"]
[Round "1"]
[White "Urban, Marton Attila"]
[Black "Bernar, Dalibor"]
[Result "1-0"]
[WhiteElo "1395"]
[BlackElo "1000"]
[PlyCount "39"]
[EventDate "2012.03.17"]
[EventType "swiss"]
[EventRounds "9"]
[EventCountry "SVK"]
[SourceTitle "CBM 147 Extra"]
[Source "ChessBase"]
[SourceDate "2012.04.24"]
[SourceVersion "1"]
[SourceVersionDate "2012.04.24"]
[SourceQuality "1"]

1. e4 e5 2. Nf3 Bb4 3. a3 Be7 4. Nxe5 Bh4 5. Nc3 Qf6 6. Nf3 Ne7 7. d4 0-0 8. g3 Qb6 9. Nxh4 d6 10. Bg2 Be6 11. 0-0 Bc4 12. Re1 d5 13. exd5 Nd7 14. Rxe7 Qd6 15. Re1 Rfe8 16. Rxe8+ Rxe8 17. Be3 Ba6 18. Qg4 Rd8 19. Nf5 Qb6 20. Qxg7# 1-0

[Event "SVK-ch U10"]
[Site "Sliac"]
[Date "2011.04.01"]
[Round "3"]
[White "Urban, Marton Attila"]
[Black "Pechac, Jergus"]
[Result "0-1"]
[WhiteElo "1420"]
[BlackElo "1887"]
[PlyCount "62"]
[EventDate "2011.03.31"]
[EventType "swiss"]
[EventRounds "9"]
[EventCountry "SVK"]
[SourceTitle "CBM 141 Extra"]
[Source "ChessBase"]
[SourceDate "2011.05.03"]
[SourceVersion "1"]
[SourceVersionDate "2011.05.03"]
[SourceQuality "1"]

1. e4 c5 2. Nf3 Nc6 3. d4 cxd4 4. Nxd4 Nf6 5. Nc3 e5 6. Ndb5 d6 7. Bg5 a6 8. Na3 b5 9. Nd5 Be7 10. Bxf6 Bxf6 11. c3 0-0 12. Be2 Bg5 13. 0-0 Ne7 14. Nc2 Nxd5 15. exd5 Bd7 16. Bg4 f5 17. Be2 f4 18. Bg4 Rf6 19. Ne1 e4 20. Be2 Rg6 21. Qb3 f3 22. Nxf3 exf3 23. Bxf3 Bf4 24. Kh1 Bxh2 25. g3 Bxg3 26. fxg3 Rxg3 27. Rf2 Rh3+ 28. Kg2 Qh4 29. Kg1 Rf8 30. Raf1 Rfxf3 31. Rg2 Rh1# 0-1